States along the Mississippi River - Statistics

General Stats
  • This quiz has been taken 36 times
    33 since last reset
  • The average score is 9 of 12
Answer Stats
Hint Answer % Correct
Left Bank Louisiana
100%
Left Bank Mississippi
92%
Right Bank Arkansas
79%
Right Bank Louisiana
79%
Right Bank Missouri
79%
Left Bank Tennessee
79%
Left Bank Illinois
75%
Left Bank Kentucky
75%
Left Bank Wisconsin
75%
Right Bank Iowa
71%
Right Bank Minnesota
71%
Left Bank Minnesota
63%
No matching quizzes found
Score Distribution
Percent of People with Each Score
Percentile by Number Answered
Your Score History
You have not taken this quiz since the last reset